Una nueva especie de pez del género Hemibrycon (Characiformes: Characidae) del alto río Atrato, Noroccidente de Colombia (Registro nro. 16297)
[ vista simple ]
| 000 -CABECERA | |
|---|---|
| Campo de control | 005870000a22001810004500 |
| 090 ## - CLASIFICACIÓN LOCAL | |
| Colección | SERIADAS |
| 041 0# - IDIOMA | |
| Código de idioma para texto/pista de sonido o título separado | |
| 100 1# - ASIENTO PRINCIPAL--NOMBRE PERSONAL | |
| Nombre personal | Román Valencia, César |
| 245 10 - MENCION DE TITULO | |
| Título | Una nueva especie de pez del género Hemibrycon (Characiformes: Characidae) del alto río Atrato, Noroccidente de Colombia |
| 651 #4 - ASIENTO SECUNDARIO DE MATERIA - NOMBRE GEOGRAFICO | |
| -- | Colombia |
| -- | Río Atrato |
| 653 ## - TERMINO DE INDIZACION - NO CONTROLADO | |
| -- | Hemibrycon |
| 700 1# - ASIENTO SECUNDARIO - NOMBRE PERSONAL | |
| Nombre personal | Ruiz C., Raquel I. |
| 773 1# - Item fuente: | |
| Título | Caldasia |
| Detalles específicos del material | Jun. |
| Descripción física | 1 |
| Paginas del Articulo | 121-131 |
| Lugar, editorial y fecha de publicación | 2007 |
| Información sobre la relación | 29 |
| 942 ## - ELEMENTOS ADICIONALES (KOHA) | |
| Tipo de ítem | Artículo |
No hay ítems disponibles.